[Event "CRO-chT1B"]
[Site "Bol"]
[Date "2014.10.09"]
[Round "6.2"]
[White "Vrban, Mladen"]
[Black "Paljusaj, Edmond"]
[Result "0-1"]
[WhiteElo "2338"]
[BlackElo "2329"]
[PlyCount "112"]
[EventDate "2014.10.04"]
[EventType "team-tourn"]
[EventRounds "9"]
[EventCountry "CRO"]
[SourceTitle "CBM 162 Extra"]
[Source "ChessBase"]
[SourceDate "2014.10.17"]
[SourceVersion "1"]
[SourceVersionDate "2014.10.17"]
[SourceQuality "1"]
[WhiteTeam "Koprivnica"]
[BlackTeam "Bibinje Goran"]
[WhiteTeamCountry "CRO"]
[BlackTeamCountry "CRO"]

1. f4 d5 2. Nf3 Nf6 3. g3 g6 4. Bg2 Bg7 5. 0-0 0-0 6. c3 c5 7. d3 Nc6 8. Na3 b6 9. Nh4 Bb7 10. e4 dxe4 11. dxe4 Qxd1 12. Rxd1 Rad8 13. Re1 Ne8 14. e5 f6 15. exf6 exf6 16. Be3 Nd6 17. Rad1 Na5 18. Bxb7 Naxb7 19. Nf3 Rfe8 20. Bf2 f5 21. Ng5 Bf6 22. Rxe8+ Rxe8 23. Nf3 Kf7 24. Kf1 h6 25. h4 Re7 26. Rd3 Ke8 27. Rd1 Rc7 28. Re1+ Kf7 29. Re2 b5 30. Rc2 a5 31. Nb1 Ne4 32. Nfd2 Nbd6 33. Nxe4 Nxe4 34. Na3 b4 35. cxb4 axb4 36. Nc4 Ra7 37. a3 bxa3 38. bxa3 Ra4 39. Kg2 Ke6 40. Be3 Bc3 41. Nb6 Rxa3 42. Nc4 Rb3 43. Bf2 Bd4 44. Bxd4 Rxg3+ 45. Kf1 cxd4 46. Ne5 Rh3 47. Nxg6 Kd6 48. Rc8 d3 49. Ne5 d2 50. Kg2 Rg3+ 51. Kh2 Ke7 52. Rc7+ Ke6 53. Rc6+ Kd5 54. Rc8 Nd6 55. Rd8 Rc3 56. Nf7 Rc6 0-1

[Event "Vienna Husek op"]
[Site "Vienna"]
[Date "2014.07.07"]
[Round "3"]
[White "Paljusaj, Edmond"]
[Black "Froewis, Georg"]
[Result "0-1"]
[WhiteElo "2306"]
[BlackElo "2443"]
[PlyCount "50"]
[EventDate "2014.07.05"]
[EventType "swiss"]
[EventRounds "9"]
[EventCountry "AUT"]
[SourceTitle "CBM 161 Extra"]
[Source "ChessBase"]
[SourceDate "2014.08.29"]
[SourceVersion "1"]
[SourceVersionDate "2014.08.29"]
[SourceQuality "1"]

1. e4 c5 2. Nf3 d6 3. Bb5+ Bd7 4. Bxd7+ Qxd7 5. 0-0 Nf6 6. e5 dxe5 7. Nxe5 Qc7 8. Qe2 e6 9. Nc3 Nc6 10. Nxc6 Qxc6 11. d3 Bd6 12. Ne4 Nxe4 13. dxe4 0-0 14. c3 Rfd8 15. f3 Rd7 16. Be3 Rad8 17. Rfd1 h6 18. Rd2 Bxh2+ 19. Kf2 Rxd2 20. Bxd2 Qd6 21. Be3 Bg3+ 22. Kf1 b6 23. Qa6 Qd7 24. a4 Kh7 25. a5 b5 0-1

[Event "CRO-chT"]
[Site "Bol"]
[Date "2013.09.20"]
[Round "7.4"]
[White "Segovic, Goran"]
[Black "Paljusaj, Edmond"]
[Result "1/2-1/2"]
[WhiteElo "2191"]
[BlackElo "2316"]
[PlyCount "225"]
[EventDate "2013.09.14"]
[EventType "team-tourn"]
[EventRounds "9"]
[EventCountry "CRO"]
[SourceTitle "CBM 156 Extra"]
[Source "ChessBase"]
[SourceDate "2013.10.22"]
[SourceVersion "1"]
[SourceVersionDate "2013.10.22"]
[SourceQuality "1"]
[WhiteTeam "Varazdin"]
[BlackTeam "Bibinje Goran"]
[WhiteTeamCountry "CRO"]
[BlackTeamCountry "CRO"]

1. e4 c5 2. Nf3 Nc6 3. d4 cxd4 4. Nxd4 e6 5. Nc3 Qc7 6. Be3 a6 7. Be2 Nf6 8. 0-0 Bb4 9. Bd3 Ne5 10. f4 Neg4 11. Qd2 Nxe3 12. Qxe3 Bxc3 13. bxc3 Qxc3 14. e5 Nd5 15. Qe4 Qc5 16. f5 Ne7 17. Kh1 Nc6 18. Nf3 exf5 19. Qxf5 d6 20. Qg5 Be6 21. Rae1 h6 22. Qxg7 0-0-0 23. exd6 Qxd6 24. Be4 Rhg8 25. Qc3 Bxa2 26. Ra1 Bd5 27. Rad1 Qb4 28. Qxb4 Nxb4 29. Bxd5 Rxd5 30. Rxd5 Nxd5 31. Ne5 f6 32. Nf7 Rg6 33. g3 Kc7 34. Rf5 Ne7 35. Rf3 a5 36. Kg2 b5 37. Kf2 a4 38. Ke2 f5 39. Kd2 Kb6 40. Kc3 Re6 41. h4 Kc5 42. Kb2 b4 43. h5 Re2 44. Nxh6 b3 45. Ka3 Rxc2 46. Kxa4 b2 47. Rb3 Kc4 48. Rb4+ Kc3 49. Ka3 Rh2 50. Rb3+ Kd4 51. Rxb2 Rxh5 52. Nxf5+ Rxf5 53. Rb4+ Ke3 54. Ka4 Nc6 55. Rb5 Ne5 56. Rb3+ Kf2 57. Rc3 Nf3 58. Kb4 Kxg3 59. Rc8 Kf4 60. Re8 Rd5 61. Kc4 Rd1 62. Kc3 Ne5 63. Rh8 Ke3 64. Rh3+ Nf3 65. Kc4 Ke4 66. Kc5 Rd3 67. Rh8 Rd5+ 68. Kc4 Ne5+ 69. Kc3 Rd3+ 70. Kb4 Rd1 71. Rh4+ Kd5 72. Rh8 Rc1 73. Rd8+ Ke4 74. Re8 Rc7 75. Rh8 Kd4 76. Rh4+ Kd5 77. Rh5 Rc1 78. Rh8 Nc6+ 79. Kb3 Nd4+ 80. Kb2 Rc2+ 81. Ka3 Rc6 82. Kb4 Rb6+ 83. Kc3 Rb3+ 84. Kd2 Nc6 85. Rh4 Ne5 86. Rh5 Rg3 87. Rh8 Nc4+ 88. Ke2 Nd6 89. Rd8 Ke5 90. Rh8 Nc4 91. Rh5+ Kd4 92. Rh4+ Kd5 93. Rh8 Ne5 94. Ra8 Kd4 95. Ra4+ Nc4 96. Kf2 Rc3 97. Ra8 Ke4 98. Ra4 Kf4 99. Ke2 Ke5 100. Ra8 Ke4 101. Re8+ Ne5 102. Kd2 Ra3 103. Kc2 Kd5 104. Rd8+ Kc5 105. Rc8+ Nc6 106. Kd2 Kd5 107. Rh8 Kc4 108. Rc8 Kc5 109. Ke2 Kd5 110. Kd2 Nb4 111. Ke2 Kd4 112. Kf2 Rb3 113. Rd8+ 1/2-1/2

[Event "CRO-chT"]
[Site "Bol"]
[Date "2013.09.16"]
[Round "3.5"]
[White "Paljusaj, Edmond"]
[Black "Jovanic, Ognjen"]
[Result "0-1"]
[WhiteElo "2316"]
[BlackElo "2508"]
[PlyCount "126"]
[EventDate "2013.09.14"]
[EventType "team-tourn"]
[EventRounds "9"]
[EventCountry "CRO"]
[SourceTitle "CBM 156 Extra"]
[Source "ChessBase"]
[SourceDate "2013.10.22"]
[SourceVersion "1"]
[SourceVersionDate "2013.10.22"]
[SourceQuality "1"]
[WhiteTeam "Bibinje Goran"]
[BlackTeam "Rijeka Liburnija"]
[WhiteTeamCountry "CRO"]
[BlackTeamCountry "CRO"]

1. e4 c5 2. Nf3 e6 3. d4 cxd4 4. Nxd4 Nc6 5. c4 Nf6 6. Nc3 Bb4 7. Nxc6 bxc6 8. Bd3 e5 9. Be3 d6 10. h3 Bxc3+ 11. bxc3 Be6 12. 0-0 Qa5 13. Qb3 0-0 14. Rfb1 Nd7 15. Qb4 Qc7 16. c5 d5 17. Qb7 Rfc8 18. f3 Qa5 19. Qb4 Qc7 20. Qb7 a5 21. Qxc7 Rxc7 22. a4 dxe4 23. fxe4 Kf8 24. Rb2 Ke7 25. Rab1 h6 26. Kf2 Kd8 27. Ke1 Rca7 28. Kd2 Kc7 29. Kc2 Rb8 30. Rxb8 Nxb8 31. Rb6 Rb7 32. Rb2 Rxb2+ 33. Kxb2 Nd7 34. Bf2 Nf8 35. Be1 Kb7 36. h4 Nd7 37. Bf2 Kc7 38. Be3 Kb8 39. Bf2 Kb7 40. Be3 Ka7 41. Bf2 Nf8 42. Be3 Ng6 43. g3 Nf8 44. Bd2 Nd7 45. Be3 Nf6 46. Bd2 Bg4 47. Be1 Bh5 48. Ka3 Bg6 49. Bc4 Kb7 50. Bd3 Bxe4 51. Be2 Nd7 52. c4 Ka6 53. Bf2 f5 54. Kb2 g5 55. hxg5 hxg5 56. Bh5 Nf6 57. Bf7 g4 58. Be6 f4 59. Be1 f3 60. Kc1 Bh7 61. Kd1 Bg8 62. Bc8+ Ka7 63. Bc3 Bxc4 0-1

[Event "Zadar op-A 19th"]
[Site "Zadar"]
[Date "2012.12.21"]
[Round "8"]
[White "Veleski, Robert"]
[Black "Paljusaj, Edmond"]
[Result "1-0"]
[WhiteElo "2311"]
[BlackElo "2323"]
[PlyCount "81"]
[EventDate "2012.12.16"]
[EventType "swiss"]
[EventRounds "9"]
[EventCountry "CRO"]
[SourceTitle "EXT 2014"]
[Source "ChessBase"]
[SourceDate "2013.11.20"]
[SourceVersion "1"]
[SourceVersionDate "2013.11.20"]
[SourceQuality "1"]

1. e4 c5 2. Nf3 Nc6 3. Bb5 g6 4. 0-0 Bg7 5. c3 Nf6 6. Re1 0-0 7. d3 Qb6 8. Ba4 d6 9. h3 e5 10. Nbd2 Bd7 11. Nc4 Qc7 12. Bg5 a6 13. Ne3 Be6 14. Bb3 Rae8 15. Qd2 Bxb3 16. axb3 Qd7 17. Bxf6 Bxf6 18. Nd5 Bg7 19. Ra4 f5 20. exf5 Rxf5 21. Qe2 Qf7 22. Qe4 Ne7 23. Ne3 d5 24. Qg4 h5 25. Qh4 Rf4 26. Qg5 Bf6 27. Rxf4 exf4 28. Qxf4 Nc6 29. Nxd5 Rxe1+ 30. Nxe1 Qxd5 31. Qxf6 Qxb3 32. Qxg6+ Kf8 33. Qh6+ Ke7 34. Qd2 a5 35. Nf3 a4 36. g4 hxg4 37. hxg4 b5 38. Qg5+ Kd6 39. d4 cxd4 40. Qf6+ Kc7 41. Qxc6+ 1-0

[Event "CRO-chT1A 21st"]
[Site "Sibenik"]
[Date "2012.09.29"]
[Round "7.26"]
[White "Paljusaj, Edmond"]
[Black "Sulava, Nenad"]
[Result "1/2-1/2"]
[WhiteElo "2309"]
[BlackElo "2496"]
[PlyCount "56"]
[EventDate "2012.09.23"]
[EventType "team-tourn"]
[EventRounds "9"]
[EventCountry "CRO"]
[SourceTitle "CBM 150 Extra"]
[Source "ChessBase"]
[SourceDate "2012.10.19"]
[SourceVersion "1"]
[SourceVersionDate "2012.10.19"]
[SourceQuality "1"]
[WhiteTeam "Bibinje Goran"]
[BlackTeam "Osijek"]
[WhiteTeamCountry "CRO"]
[BlackTeamCountry "CRO"]

1. e4 c5 2. b3 b6 3. Bb2 Bb7 4. Nc3 e6 5. Nf3 a6 6. d4 cxd4 7. Nxd4 Qc7 8. Bd3 Nf6 9. 0-0 Bc5 10. Nf3 Nc6 11. Qe2 Ng4 12. g3 b5 13. Rae1 d6 14. a4 b4 15. Nb1 0-0 16. Nbd2 Nge5 17. Nxe5 dxe5 18. Nf3 Kh8 19. Bc1 a5 20. Be3 Qb6 21. Bxc5 Qxc5 22. Qe3 Nd4 23. Nxd4 exd4 24. Qe2 e5 25. f4 f6 26. fxe5 fxe5 27. Rxf8+ Rxf8 28. Rf1 g6 1/2-1/2

[Event "CRO-chT1A 21st"]
[Site "Sibenik"]
[Date "2012.09.27"]
[Round "5.16"]
[White "Saric, Ante"]
[Black "Paljusaj, Edmond"]
[Result "1-0"]
[WhiteElo "2516"]
[BlackElo "2309"]
[PlyCount "77"]
[EventDate "2012.09.23"]
[EventType "team-tourn"]
[EventRounds "9"]
[EventCountry "CRO"]
[SourceTitle "CBM 150 Extra"]
[Source "ChessBase"]
[SourceDate "2012.10.19"]
[SourceVersion "1"]
[SourceVersionDate "2012.10.19"]
[SourceQuality "1"]
[WhiteTeam "Rijeka Liburnija"]
[BlackTeam "Bibinje Goran"]
[WhiteTeamCountry "CRO"]
[BlackTeamCountry "CRO"]

1. c4 g6 2. e4 Bg7 3. d4 d6 4. Nc3 Nf6 5. Be2 0-0 6. Nf3 e5 7. 0-0 Na6 8. Re1 Qe8 9. Bg5 exd4 10. Qxd4 Ng4 11. Qd2 Nc5 12. Bf1 f6 13. Bf4 Qf7 14. Nd4 Ne6 15. Nxe6 Bxe6 16. h3 Ne5 17. b3 f5 18. exf5 Qxf5 19. Be3 b6 20. Rac1 Rfe8 21. f4 Nf7 22. g4 Qa5 23. Nb5 Qxd2 24. Bxd2 Rac8 25. Bg2 a5 26. Bb7 Rb8 27. Nxc7 Re7 28. Bd5 Rxc7 29. Rxe6 Bd4+ 30. Kg2 Kg7 31. Rce1 Kf8 32. R1e2 Rd7 33. Be1 g5 34. R6e4 Bf6 35. Rf2 Kg7 36. fxg5 Bxg5 37. h4 Bc1 38. Bc3+ Ne5 39. Rxe5 1-0

[Event "Barcelona Sant Marti op-A 14th"]
[Site "Barcelona"]
[Date "2012.07.15"]
[Round "3"]
[White "Porta Tovar, Guillem"]
[Black "Paljusaj, Edmond"]
[Result "0-1"]
[WhiteElo "1846"]
[BlackElo "2334"]
[PlyCount "54"]
[EventDate "2012.07.13"]
[EventType "swiss"]
[EventRounds "9"]
[EventCountry "ESP"]
[SourceTitle "CBM 149 Extra"]
[Source "ChessBase"]
[SourceDate "2012.08.24"]
[SourceVersion "1"]
[SourceVersionDate "2012.08.24"]
[SourceQuality "1"]

1. e4 c5 2. Nf3 Nc6 3. d4 cxd4 4. Nxd4 Nf6 5. Nc3 e5 6. Ndb5 d6 7. Bg5 a6 8. Na3 b5 9. Bxf6 gxf6 10. Nd5 Bg7 11. Qh5 Ne7 12. Nxe7 Qxe7 13. 0-0-0 Be6 14. Kb1 Rc8 15. c3 Qb7 16. Rxd6 Ke7 17. Qd1 Qxe4+ 18. Bd3 Qb7 19. Nc2 f5 20. Be2 Rhd8 21. Rd2 Bh6 22. Rxd8 Rxd8 23. Qf1 Rd2 24. f3 Bxa2+ 25. Kxa2 Rxc2 26. Bd3 Qd5+ 27. Kb1 Rc1+ 0-1

[Event "Zadar op-A 18th"]
[Site "Zadar"]
[Date "2011.12.14"]
[Round "5"]
[White "Bukal, Vladimir Jr"]
[Black "Paljusaj, Edmond"]
[Result "1-0"]
[WhiteElo "2423"]
[BlackElo "2352"]
[PlyCount "59"]
[EventDate "2011.12.11"]
[EventType "swiss"]
[EventRounds "9"]
[EventCountry "CRO"]
[SourceTitle "CBM 145 Extra"]
[Source "ChessBase"]
[SourceDate "2012.01.03"]
[SourceVersion "1"]
[SourceVersionDate "2012.01.03"]
[SourceQuality "1"]

1. d4 d5 2. c4 c6 3. Nf3 Nf6 4. Nc3 a6 5. a4 g6 6. Bf4 Bg7 7. e3 0-0 8. Qb3 Qa5 9. Qa3 Qd8 10. Be2 dxc4 11. Bxc4 Nbd7 12. a5 Nh5 13. Bg5 Nhf6 14. 0-0 h6 15. Bh4 g5 16. Bg3 Nh5 17. Rfd1 Nxg3 18. hxg3 g4 19. Ne1 e6 20. Nd3 h5 21. Ne4 h4 22. gxh4 Qxh4 23. g3 Qh7 24. Nd6 e5 25. dxe5 Bxe5 26. Nf4 Nf6 27. Nxf7 Rxf7 28. Rd8+ Kg7 29. Bxf7 Nd7 30. Bg6 1-0

[Event "Zadar op-A 18th"]
[Site "Zadar"]
[Date "2011.12.14"]
[Round "6"]
[White "Mazi, Leon"]
[Black "Paljusaj, Edmond"]
[Result "1-0"]
[WhiteElo "2353"]
[BlackElo "2352"]
[PlyCount "45"]
[EventDate "2011.12.11"]
[EventType "swiss"]
[EventRounds "9"]
[EventCountry "CRO"]
[SourceTitle "CBM 145 Extra"]
[Source "ChessBase"]
[SourceDate "2012.01.03"]
[SourceVersion "1"]
[SourceVersionDate "2012.01.03"]
[SourceQuality "1"]

1. e4 c5 2. Nf3 e6 3. d4 cxd4 4. Nxd4 a6 5. Bd3 Bc5 6. Nb3 Ba7 7. Nc3 Nc6 8. Qe2 Nge7 9. Be3 d5 10. Bxa7 Rxa7 11. exd5 Nxd5 12. Nxd5 Qxd5 13. Be4 Qg5 14. g3 0-0 15. f4 Qd8 16. Qe3 Ra8 17. Qc5 e5 18. Rd1 Qc7 19. Bxh7+ Kxh7 20. Qxf8 Bg4 21. Qxa8 exf4 22. Qe8 Ne5 23. Kd2 1-0

[Event "Zadar op-A 18th"]
[Site "Zadar"]
[Date "2011.12.13"]
[Round "4"]
[White "Paljusaj, Edmond"]
[Black "Bosiocic, Marin"]
[Result "0-1"]
[WhiteElo "2352"]
[BlackElo "2593"]
[PlyCount "58"]
[EventDate "2011.12.11"]
[EventType "swiss"]
[EventRounds "9"]
[EventCountry "CRO"]
[SourceTitle "CBM 145 Extra"]
[Source "ChessBase"]
[SourceDate "2012.01.03"]
[SourceVersion "1"]
[SourceVersionDate "2012.01.03"]
[SourceQuality "1"]

1. e4 c5 2. Nf3 e6 3. d4 cxd4 4. Nxd4 a6 5. Nc3 b5 6. Bd3 Qb6 7. Nb3 Qc7 8. Be3 Nf6 9. f4 d6 10. Qf3 Bb7 11. 0-0 Nbd7 12. a4 b4 13. Ne2 Be7 14. c4 g5 15. Ng3 g4 16. Qe2 h5 17. e5 dxe5 18. f5 h4 19. fxe6 fxe6 20. Bg6+ Kd8 21. Nh1 h3 22. gxh3 gxh3 23. Ng3 a5 24. Rad1 Kc8 25. Kf2 Bg2 26. Ke1 Bxf1 27. Qxf1 Qc6 28. Qd3 Rd8 29. Ne4 Nf8 0-1

[Event "CRO-chT1A 20th"]
[Site "Sibenik"]
[Date "2011.10.12"]
[Round "9.1"]
[White "Rogulj, Branko"]
[Black "Paljusaj, Edmond"]
[Result "1/2-1/2"]
[WhiteElo "2394"]
[BlackElo "2335"]
[PlyCount "66"]
[EventDate "2011.10.04"]
[EventType "team-tourn"]
[EventRounds "9"]
[EventCountry "CRO"]
[SourceTitle "CBM 144 Extra"]
[Source "ChessBase"]
[SourceDate "2011.10.28"]
[SourceVersion "1"]
[SourceVersionDate "2011.10.28"]
[SourceQuality "1"]
[WhiteTeam "Zagreb"]
[BlackTeam "Bibinje Goran"]
[WhiteTeamCountry "CRO"]
[BlackTeamCountry "CRO"]

1. e4 c5 2. Nc3 Nc6 3. Bb5 Qc7 4. Nf3 e6 5. Bxc6 bxc6 6. 0-0 Ne7 7. Re1 e5 8. d3 Ng6 9. Ne2 Be7 10. Ng3 0-0 11. b3 d6 12. c3 f5 13. exf5 Bxf5 14. Nxf5 Rxf5 15. d4 exd4 16. cxd4 cxd4 17. Nxd4 Rd5 18. Bb2 Bf6 19. Qg4 Qf7 20. Qe4 Rf8 21. Rab1 Be5 22. Nf3 Bxb2 23. Rxb2 Ne5 24. Nxe5 Rxe5 25. Qb1 Rfe8 26. Rxe5 Rxe5 27. Rd2 Qe6 28. Rd1 c5 29. Kf1 d5 30. Qd3 h6 31. h3 Qf6 32. Kg1 Qe6 33. Kf1 Qf6 1/2-1/2

[Event "CRO-chT1A 20th"]
[Site "Sibenik"]
[Date "2011.10.11"]
[Round "8.5"]
[White "Paljusaj, Edmond"]
[Black "Rade, Miroslav"]
[Result "1/2-1/2"]
[WhiteElo "2335"]
[BlackElo "2428"]
[PlyCount "20"]
[EventDate "2011.10.04"]
[EventType "team-tourn"]
[EventRounds "9"]
[EventCountry "CRO"]
[SourceTitle "CBM 144 Extra"]
[Source "ChessBase"]
[SourceDate "2011.10.28"]
[SourceVersion "1"]
[SourceVersionDate "2011.10.28"]
[SourceQuality "1"]
[WhiteTeam "Bibinje Goran"]
[BlackTeam "Mravince"]
[WhiteTeamCountry "CRO"]
[BlackTeamCountry "CRO"]

1. Nf3 Nf6 2. c4 e6 3. Nc3 d5 4. d4 Be7 5. cxd5 exd5 6. Bg5 c6 7. e3 0-0 8. Bd3 Nbd7 9. 0-0 Re8 10. Qc2 Bf8 1/2-1/2

[Event "Zadar op-A 17th"]
[Site "Zadar"]
[Date "2010.12.17"]
[Round "8"]
[White "Paljusaj, Edmond"]
[Black "Jovanic, Ognjen"]
[Result "1-0"]
[WhiteElo "2316"]
[BlackElo "2532"]
[PlyCount "77"]
[EventDate "2010.12.12"]
[EventType "swiss"]
[EventRounds "9"]
[EventCountry "CRO"]
[SourceTitle "CBM 139 Extra"]
[Source "ChessBase"]
[SourceDate "2011.01.05"]
[SourceVersion "1"]
[SourceVersionDate "2011.01.05"]
[SourceQuality "1"]

1. e4 c6 2. d4 d5 3. e5 Bf5 4. Ne2 e6 5. Ng3 Bg6 6. h4 h5 7. Bd3 Bxd3 8. Qxd3 c5 9. Bg5 Qb6 10. dxc5 Qxb2 11. Nc3 Qxa1+ 12. Ke2 Qb2 13. Rb1 Qxb1 14. Nxb1 Nc6 15. Qb5 Rb8 16. c4 Nge7 17. Nc3 dxc4 18. Nge4 Nf5 19. Kf1 Be7 20. Nd6+ Bxd6 21. exd6 0-0 22. Qxc4 b6 23. Qe4 Nfd4 24. Be7 Rfe8 25. cxb6 axb6 26. Nb5 Nxb5 27. Qxc6 Nd4 28. Qc4 e5 29. Qd5 Rec8 30. g3 Rc5 31. Qe4 Nc6 32. Bg5 Nd8 33. Qa4 Nc6 34. Be3 Rc3 35. Qd1 g6 36. d7 Rxe3 37. fxe3 Nd8 38. Qd6 Ra8 39. Qc7 1-0

[Event "Zadar op-A 17th"]
[Site "Zadar"]
[Date "2010.12.13"]
[Round "2"]
[White "Paljusaj, Edmond"]
[Black "Bosiocic, Marin"]
[Result "0-1"]
[WhiteElo "2316"]
[BlackElo "2564"]
[PlyCount "86"]
[EventDate "2010.12.12"]
[EventType "swiss"]
[EventRounds "9"]
[EventCountry "CRO"]
[SourceTitle "CBM 139 Extra"]
[Source "ChessBase"]
[SourceDate "2011.01.05"]
[SourceVersion "1"]
[SourceVersionDate "2011.01.05"]
[SourceQuality "1"]

1. e4 c5 2. Nf3 e6 3. d4 cxd4 4. Nxd4 Nc6 5. Nb5 d6 6. c4 Nf6 7. N5c3 Be7 8. Be2 0-0 9. 0-0 b6 10. Bf4 Bb7 11. Nd2 Rc8 12. Re1 Re8 13. a3 Bf8 14. Rc1 Nd7 15. b4 a5 16. bxa5 Nxa5 17. Nb5 Nc5 18. Bf1 Bc6 19. Qc2 Nxe4 20. Na7 Nxd2 21. Nxc8 Ndb3 22. Nxd6 Bxd6 23. Rcd1 Bxf4 24. Rxd8 Rxd8 25. Rd1 Nd4 26. Qb1 Bc7 27. Bd3 g6 28. Qb4 Nb7 29. Qe7 Rd7 30. Qf6 Nc5 31. Kf1 Ba4 32. Bc2 Nxc2 33. Rxd7 Nxd7 34. Qf3 Kg7 35. Qb7 Be5 36. Qa6 Bb3 37. Qb5 Nc5 38. Qxb6 Bxc4+ 39. Kg1 Bd4 40. Qa5 Nd3 41. a4 Nxf2 42. Qc7 Nd3+ 43. Kh1 Ne5 0-1

[Event "Mediterranean op-A 4th"]
[Site "Rijeka"]
[Date "2010.11.20"]
[Round "9"]
[White "Caspi, Israel"]
[Black "Paljusaj, Edmond"]
[Result "1-0"]
[WhiteElo "2460"]
[BlackElo "2316"]
[PlyCount "61"]
[EventDate "2010.11.12"]
[EventType "swiss"]
[EventRounds "9"]
[EventCountry "CRO"]
[SourceTitle "EXT 2011"]
[Source "ChessBase"]
[SourceDate "2010.11.26"]
[SourceVersion "1"]
[SourceVersionDate "2010.11.26"]
[SourceQuality "1"]

1. e4 c5 2. Nf3 e6 3. d4 cxd4 4. Nxd4 a6 5. Nc3 b5 6. Bd3 Bb7 7. 0-0 Nc6 8. Nxc6 Bxc6 9. Re1 Bc5 10. e5 f5 11. Qh5+ g6 12. Qh3 Kf7 13. Be3 Qb6 14. Qh4 b4 15. Nd1 h6 16. a3 a5 17. Bxc5 Qxc5 18. axb4 axb4 19. Rxa8 Bxa8 20. Ne3 g5 21. Qh5+ Kg7 22. h4 Ne7 23. hxg5 Rh7 24. Ng4 hxg5 25. Qxg5+ Kf8 26. Nf6 Rg7 27. Nxd7+ Ke8 28. Nxc5 Rxg5 29. Nxe6 Rxg2+ 30. Kf1 Bb7 31. Bb5+ 1-0

[Event "Mediterranean op-A 4th"]
[Site "Rijeka"]
[Date "2010.11.19"]
[Round "8"]
[White "Paljusaj, Edmond"]
[Black "Brumen, Dinko"]
[Result "1-0"]
[WhiteElo "2316"]
[BlackElo "2359"]
[PlyCount "81"]
[EventDate "2010.11.12"]
[EventType "swiss"]
[EventRounds "9"]
[EventCountry "CRO"]
[SourceTitle "EXT 2011"]
[Source "ChessBase"]
[SourceDate "2010.11.26"]
[SourceVersion "1"]
[SourceVersionDate "2010.11.26"]
[SourceQuality "1"]

1. e4 e6 2. d4 d5 3. Nc3 Bb4 4. Nge2 dxe4 5. a3 Bxc3+ 6. Nxc3 Nc6 7. Bb5 Nge7 8. Bg5 f6 9. Be3 0-0 10. Qd2 f5 11. f3 Nd5 12. Bxc6 bxc6 13. Nxd5 cxd5 14. 0-0-0 Rb8 15. Bf4 Qd7 16. Qc3 Rf7 17. Be5 Ba6 18. f4 Rb6 19. Rd2 Bc4 20. g4 Qb5 21. b3 Bxb3 22. Qxb3 Qxb3 23. cxb3 Rxb3 24. g5 Rxa3 25. Kb2 Ra6 26. Ra1 Rb6+ 27. Kc1 Rb7 28. h4 Rf8 29. h5 Kf7 30. Rda2 Ra8 31. g6+ hxg6 32. hxg6+ Ke7 33. Rh2 Rg8 34. Rb2 Rgb8 35. Rxb7 Rxb7 36. Bxg7 Rb8 37. Rxa7 Rg8 38. Rxc7+ Kd8 39. Ra7 Re8 40. Bf6+ Kc8 41. g7 1-0

[Event "Mediterranean op-A 4th"]
[Site "Rijeka"]
[Date "2010.11.14"]
[Round "2"]
[White "Paljusaj, Edmond"]
[Black "Foglia, Maurizio"]
[Result "0-1"]
[WhiteElo "2316"]
[BlackElo "2204"]
[PlyCount "73"]
[EventDate "2010.11.12"]
[EventType "swiss"]
[EventRounds "9"]
[EventCountry "CRO"]
[SourceTitle "EXT 2011"]
[Source "ChessBase"]
[SourceDate "2010.11.26"]
[SourceVersion "1"]
[SourceVersionDate "2010.11.26"]
[SourceQuality "1"]

1. e4 c6 2. d4 d5 3. e5 Bf5 4. Ne2 e6 5. Ng3 Bg6 6. h4 h6 7. h5 Bh7 8. Bd3 Bxd3 9. cxd3 Nd7 10. Qg4 c5 11. 0-0 cxd4 12. f4 Ne7 13. Nd2 Qb6 14. Nf3 f5 15. exf6 gxf6 16. Kh2 Rg8 17. Qh3 f5 18. b3 0-0-0 19. Bb2 Bg7 20. Rfe1 Bf6 21. Rac1+ Kb8 22. Ba3 Rde8 23. Re2 Qa6 24. Bxe7 Bxe7 25. Rce1 Bb4 26. Rd1 Bd6 27. Nf1 Bxf4+ 28. g3 Be3 29. Nxe3 dxe3 30. Rxe3 Qxa2+ 31. Rd2 Qxb3 32. Rde2 Nf6 33. Ne5 d4 34. Rf3 Ng4+ 35. Kg2 Qd1 36. Ref2 Nxf2 37. Rxf2 0-1

[Event "Mediterranean op-A 4th"]
[Site "Rijeka"]
[Date "2010.11.12"]
[Round "1"]
[White "Brkic, Ante"]
[Black "Paljusaj, Edmond"]
[Result "1-0"]
[WhiteElo "2564"]
[BlackElo "2316"]
[PlyCount "81"]
[EventDate "2010.11.12"]
[EventType "swiss"]
[EventRounds "9"]
[EventCountry "CRO"]
[SourceTitle "EXT 2011"]
[Source "ChessBase"]
[SourceDate "2010.11.26"]
[SourceVersion "1"]
[SourceVersionDate "2010.11.26"]
[SourceQuality "1"]

1. e4 c5 2. Nf3 Nc6 3. Bb5 g6 4. Bxc6 dxc6 5. d3 Bg7 6. a4 Nf6 7. Nbd2 Bg4 8. h3 Bxf3 9. Qxf3 Nd7 10. Qe3 e5 11. Nf3 Qe7 12. Bd2 Nf8 13. Bc3 Ne6 14. Qe2 Nf4 15. Qf1 0-0 16. g3 Ne6 17. Qe2 Nd4 18. Nxd4 cxd4 19. Bd2 f5 20. h4 Qc5 21. Rc1 b5 22. axb5 Qxb5 23. b3 a5 24. h5 a4 25. bxa4 Rxa4 26. h6 Bf6 27. exf5 gxf5 28. Rh5 e4 29. Kf1 Ra7 30. g4 e3 31. fxe3 dxe3 32. Qxe3 Re7 33. Qf3 Bd4 34. Rg5+ Kh8 35. Re1 Ref7 36. Kg2 Qc5 37. c4 fxg4 38. Qxf7 Rxf7 39. Rxc5 Bxc5 40. d4 Bf8 41. Re8 1-0

[Event "CRO-chT1B 19th"]
[Site "Sibenik"]
[Date "2010.09.12"]
[Round "9"]
[White "Doric, Nenad"]
[Black "Paljusaj, Edmond"]
[Result "0-1"]
[WhiteElo "2325"]
[BlackElo "2309"]
[PlyCount "102"]
[EventDate "2010.09.04"]
[EventType "team-tourn"]
[EventRounds "9"]
[EventCountry "CRO"]
[SourceTitle "CBM 138 Extra"]
[Source "ChessBase"]
[SourceDate "2010.10.29"]
[SourceVersion "1"]
[SourceVersionDate "2010.10.29"]
[SourceQuality "1"]

1. e4 c5 2. Nf3 Nc6 3. d4 cxd4 4. Nxd4 e5 5. Nb5 d6 6. N1c3 a6 7. Na3 b5 8. Nd5 Nf6 9. Bg5 Be7 10. Bxf6 Bxf6 11. c3 Ne7 12. Nxf6+ gxf6 13. Nc2 Bb7 14. Bd3 d5 15. exd5 Qxd5 16. Ne3 Qe6 17. a4 e4 18. Be2 Rd8 19. Qc2 Qb6 20. axb5 axb5 21. Qb3 Bc6 22. c4 b4 23. Nc2 Rb8 24. Qe3 Qc7 25. Qc5 Qe5 26. Qxe5 fxe5 27. Ra5 f6 28. Ne3 Kf7 29. Bg4 Ra8 30. Rxa8 Rxa8 31. Kd2 Kg6 32. Be6 f5 33. Kc2 Ba4+ 34. b3 Bc6 35. Kb2 Kf6 36. Bd5 Bxd5 37. Nxd5+ Nxd5 38. cxd5 Ke7 39. g4 fxg4 40. Re1 Kd6 41. Rxe4 h5 42. Rxb4 Rf8 43. h3 Rxf2+ 44. Ka3 g3 45. Rb6+ Kxd5 46. Rh6 g2 47. Rg6 e4 48. Kb4 e3 49. Kc3 e2 50. Kd2 e1Q+ 51. Kxe1 Rf1+ 0-1